| 000 | 02610cam a22005294i 4500 | ||
|---|---|---|---|
| 003 | PE-LiUPU | ||
| 005 | 20250731180115.0 | ||
| 008 | 150623s1999 pe a rb 000 0 sp d | ||
| 035 | _a(Sirsi) a24612 | ||
| 040 |
_aPE-LiUPU _bspa _cPE-LiUPU _erda |
||
| 082 | 0 | 4 |
_a551.6 _bC74 _221 |
| 110 | 2 | _aConsejo Nacional del Ambiente | |
| 245 | 1 | 0 | _aPerú: vulnerabilidad frente al cambio climático: aproximaciones a la experiencia con el fenómeno del niño. |
| 264 | 1 |
_aLima : _bCONAM, _c1999. |
|
| 300 |
_a209 páginas : _bilustraciones fotos, cuadros, gráficos, mapas ; _c30 cm. |
||
| 336 |
_atext _2rdacontent |
||
| 337 |
_aunmediated _2rdamedia |
||
| 338 |
_avolume _2rdacarrier |
||
| 504 | _aIncluye bibliografía. | ||
| 505 | 0 | _aEstudios de vulnerabilidad de recursos hídricos de alta montaña en el Perú. -El niño y el cambio climático en el Perú. -Impactos potenciales del cambio climático global sobre el ecosistema marino peruano. -Impacto del cambio climático en la agricultura: efectos del fenómeno El niño en los cultivos de la costa central. -Cambio climático: evaluación de su impacto desde la perspectiva de la salud pública. -El niño 1997-1998 y sus impactos en el territorio peruano. -Cambio climático: aspectos generales. -Evaluación de la vulnerabilidad costera frente al cambio climático en el Perú. -Estudios sobre tendencias y variabilidad climática en el trópico sudamericano: Perú y Brasil. | |
| 526 | _aSEG44 | ||
| 526 | _aSEG26 | ||
| 526 | _aP159 | ||
| 526 | _aP155 | ||
| 526 | _aP154 | ||
| 526 | _aP153 | ||
| 526 | _aP150 | ||
| 526 | _aP100 | ||
| 526 | _aP31 | ||
| 526 | _aP30 | ||
| 526 | _aP26 | ||
| 526 | _aP25 | ||
| 526 | _aP24 | ||
| 526 | _aP22 | ||
| 526 | _aP15 | ||
| 526 | _aP10 | ||
| 650 | 0 | 4 |
_aCambios climáticos _zPerú. |
| 650 | 0 | 4 |
_aClimatología _zPerú. |
| 942 |
_2ddc _cBOOK |
||
| 949 |
_a551.6 C74 _wDEWEY _c1 _i48977 _lCCODEBUL1 _mBUL _p00.00 _r0 _sY _tBOOK _u2015-06-24 _xBIBLIOTECA _zUNKNOWN _0COMPRA _o.STAFF. Colección General |
||
| 949 |
_a551.6 C74 _wDEWEY _c2 _i48976 _lCCODEBUL1 _mBUL _p00.00 _r0 _sY _tBOOK _u2015-06-24 _xBIBLIOTECA _zUNKNOWN _0COMPRA _o.STAFF. Colección General |
||
| 596 | _a1 | ||
| 999 |
_a551.6 C74 _wDEWEY _c28112 _i48977 _f2019-12-11 _g4 _lCCODEBUL1 _mBUL _r0 _sN _tBOOK _u2015-6-24 _xEDUCACION _zUNKNOWN _0COMPRA _o.STAFF. Colección General _d28112 |
||
| 999 |
_a551.6 C74 _wDEWEY _c2 _i48976 _d2016-10-21 _e2016-10-19 _f2021-11-9 _g7 _lCCODEBUL1 _mBUL _n2 _p20.00 _r0 _sY _tBOOK _u2015-6-24 _xINGENIERIA _zUNKNOWN _0COMPRA _o.STAFF. Colección General |
||
| 980 |
_81 _gALBERTO SANCHEZ Responsable de Automatización |
||